[Event "Angers op 13th"]
[Site "Angers"]
[Date "2018.05.11"]
[Round "2"]
[White "Gauthier, Cyrille"]
[Black "Gao, Etienne"]
[Result "0-1"]
[WhiteElo "2021"]
[BlackElo "2168"]
[PlyCount "64"]
[EventDate "2018.05.11"]
[EventType "swiss"]
[EventRounds "6"]
[EventCountry "FRA"]
[SourceTitle "CBM 184 Extra"]
[Source "ChessBase"]
[SourceDate "2018.06.28"]
[SourceVersion "1"]
[SourceVersionDate "2018.06.28"]
[SourceQuality "1"]

1. e4 c5 2. Nf3 d6 3. d4 cxd4 4. Nxd4 Nf6 5. Nc3 a6 6. Be2 e5 7. Nf3 Be7 8. Bg5 Nbd7 9. 0-0 0-0 10. a4 b6 11. Re1 Bb7 12. Bf1 h6 13. Bxf6 Nxf6 14. Qd3 Rc8 15. Rad1 Rc5 16. Nd2 Qa8 17. Nc4 b5 18. Na5 Rxc3 19. Qxc3 Rc8 20. Qb4 Bxe4 21. axb5 axb5 22. c3 Bf8 23. Nb3 d5 24. Qa5 Qb7 25. Ra1 Rb8 26. Qa7 Qc8 27. Nd2 Bc5 28. Qa6 Qf5 29. Nxe4 Nxe4 30. Re2 Nxf2 31. b4 Bb6 32. Qa2 Nd1+ 0-1

[Event "Chateauroux op 15th"]
[Site "Chateauroux"]
[Date "2014.10.28"]
[Round "6"]
[White "Gauthier, Cyrille"]
[Black "Florence, Gerard"]
[Result "1-0"]
[WhiteElo "2013"]
[BlackElo "1537"]
[PlyCount "51"]
[EventDate "2014.10.25"]
[EventType "swiss"]
[EventRounds "7"]
[EventCountry "FRA"]
[SourceTitle "EXT 2015"]
[Source "ChessBase"]
[SourceDate "2014.11.20"]
[SourceVersion "1"]
[SourceVersionDate "2014.11.20"]
[SourceQuality "1"]

1. e4 d6 2. d4 Nf6 3. Nc3 g6 4. f4 Bg7 5. Nf3 Bg4 6. h3 Bxf3 7. Qxf3 e5 8. dxe5 dxe5 9. fxe5 Nfd7 10. e6 Ne5 11. exf7+ Nxf7 12. Bd2 Ne5 13. Qg3 c6 14. 0-0-0 Nbd7 15. Be2 Qc7 16. Bg5 h6 17. Bg4 hxg5 18. Rxd7 Qb6 19. Rxg7 Nc4 20. b3 Qe3+ 21. Qxe3 Nxe3 22. Bf3 g4 23. Be2 Nxg2 24. Bxg4 Nf4 25. Rf1 Rf8 26. Rd1 1-0

[Event "Chateauroux op 15th"]
[Site "Chateauroux"]
[Date "2014.10.26"]
[Round "2"]
[White "Gauthier, Cyrille"]
[Black "Wierzbowska, Aleksandra"]
[Result "1-0"]
[WhiteElo "2013"]
[BlackElo "1409"]
[PlyCount "129"]
[EventDate "2014.10.25"]
[EventType "swiss"]
[EventRounds "7"]
[EventCountry "FRA"]
[SourceTitle "EXT 2015"]
[Source "ChessBase"]
[SourceDate "2014.11.20"]
[SourceVersion "1"]
[SourceVersionDate "2014.11.20"]
[SourceQuality "1"]

1. e4 c5 2. Nf3 Nc6 3. d4 cxd4 4. Nxd4 Nf6 5. Nc3 e5 6. Ndb5 d6 7. a4 a6 8. Na3 Be6 9. Bg5 Qb6 10. Rb1 Ng4 11. Qd2 h6 12. Bh4 Be7 13. Bxe7 Nxe7 14. Nc4 Bxc4 15. Bxc4 Rc8 16. Bb3 Qb4 17. 0-0 Nf6 18. Rfe1 0-0 19. Rbd1 Rfd8 20. Re3 Nc6 21. Nd5 Nxd5 22. Qxd5 Rd7 23. c3 Qb6 24. Rf3 Rf8 25. Rd2 Ne7 26. Qc4 Rc7 27. Qb4 Qxb4 28. cxb4 Rc1+ 29. Rd1 Rxd1+ 30. Bxd1 Nc6 31. Rc3 Rd8 32. Kf1 Nxb4 33. Rc7 d5 34. Rxb7 dxe4 35. Bb3 Nd5 36. Rc7 e3 37. Bxd5 Rxd5 38. fxe3 a5 39. Ke2 e4 40. Rb7 Rc5 41. Kd2 Rd5+ 42. Kc2 Rc5+ 43. Kd2 Rd5+ 44. Kc2 Rc5+ 45. Kb3 Rd5 46. Kc4 Rd3 47. Rb5 Rxe3 48. Rxa5 Re2 49. b4 Rc2+ 50. Kd4 Rxg2 51. b5 f5 52. b6 Rd2+ 53. Ke3 Rd3+ 54. Ke2 f4 55. b7 f3+ 56. Ke1 Rd8 57. Ra8 Kf7 58. Rxd8 e3 59. b8Q f2+ 60. Ke2 g5 61. Qd6 f1Q+ 62. Kxf1 e2+ 63. Kxe2 Kg7 64. Rd7+ Kg8 65. Qb8# 1-0

[Event "Chateauroux op 15th"]
[Site "Chateauroux"]
[Date "2014.10.26"]
[Round "3"]
[White "Palomar, Felix"]
[Black "Gauthier, Cyrille"]
[Result "0-1"]
[WhiteElo "1726"]
[BlackElo "2013"]
[PlyCount "80"]
[EventDate "2014.10.25"]
[EventType "swiss"]
[EventRounds "7"]
[EventCountry "FRA"]
[SourceTitle "EXT 2015"]
[Source "ChessBase"]
[SourceDate "2014.11.20"]
[SourceVersion "1"]
[SourceVersionDate "2014.11.20"]
[SourceQuality "1"]

1. e4 e5 2. Nf3 Nc6 3. Bc4 Bc5 4. b4 Bxb4 5. c3 Ba5 6. d4 exd4 7. 0-0 h6 8. Qb3 Qf6 9. e5 Qg6 10. cxd4 Bb6 11. Bd3 Qh5 12. Bb2 Nge7 13. Nbd2 0-0 14. Nc4 Nf5 15. d5 Ncd4 16. Nxd4 Bxd4 17. Rad1 Bxb2 18. Qxb2 b6 19. Rfe1 a6 20. d6 b5 21. Be4 c6 22. Na5 Rb8 23. Qc2 g6 24. Nb3 Ng7 25. Nc5 Re8 26. f4 Ne6 27. Bf3 Qf5 28. Be4 Qxf4 29. Bxg6 Nxc5 30. Rf1 Qe3+ 31. Kh1 Rf8 32. Rde1 Qg5 33. Rf6 Bb7 34. Ref1 fxg6 35. Rxg6+ Kh8 36. Rff6 Rxf6 37. exf6 Re8 38. h3 Re1+ 39. Kh2 Qe5+ 40. Rg3 Ne4 0-1

[Event "Cannes op 26th"]
[Site "Cannes"]
[Date "2014.07.10"]
[Round "5"]
[White "Gauthier, Cyrille"]
[Black "Eid, Maha"]
[Result "1-0"]
[WhiteElo "1935"]
[BlackElo "2028"]
[PlyCount "48"]
[EventDate "2014.07.07"]
[EventType "swiss"]
[EventRounds "9"]
[EventCountry "FRA"]
[SourceTitle "EXT 2015"]
[Source "ChessBase"]
[SourceDate "2014.11.20"]
[SourceVersion "1"]
[SourceVersionDate "2014.11.20"]
[SourceQuality "1"]

1. e4 c5 2. Nf3 e6 3. d4 cxd4 4. Nxd4 a6 5. Nc3 b5 6. Bd3 Bb7 7. Be3 Qc7 8. 0-0 Nf6 9. a3 d6 10. f4 Nbd7 11. Qd2 Ng4 12. Rae1 Be7 13. Kh1 0-0 14. Bg1 Nb6 15. Qd1 Nh6 16. f5 e5 17. f6 Bxf6 18. Rxf6 gxf6 19. Qh5 f5 20. Qg5+ Kh8 21. Qf6+ Kg8 22. Qxh6 exd4 23. Qg5+ Kh8 24. Qf6+ Kg8 1-0

[Event "Cannes op 26th"]
[Site "Cannes"]
[Date "2014.07.08"]
[Round "3"]
[White "Gauthier, Cyrille"]
[Black "Maisuradze, Nino"]
[Result "0-1"]
[WhiteElo "1935"]
[BlackElo "2317"]
[PlyCount "64"]
[EventDate "2014.07.07"]
[EventType "swiss"]
[EventRounds "9"]
[EventCountry "FRA"]
[SourceTitle "EXT 2015"]
[Source "ChessBase"]
[SourceDate "2014.11.20"]
[SourceVersion "1"]
[SourceVersionDate "2014.11.20"]
[SourceQuality "1"]

1. e4 c5 2. Nf3 Nc6 3. d4 cxd4 4. Nxd4 g6 5. c4 Bg7 6. Be3 Nf6 7. Nc3 0-0 8. Be2 d6 9. 0-0 Bd7 10. Qd2 Ng4 11. Bxg4 Bxg4 12. Nd5 Rc8 13. Rac1 Bd7 14. Nb5 Ra8 15. f4 b6 16. a3 Rb8 17. Qf2 a6 18. Nbc3 b5 19. c5 b4 20. axb4 Nxb4 21. cxd6 exd6 22. Nxb4 Rxb4 23. f5 Be5 24. f6 Re8 25. Qh4 Re6 26. Bg5 h5 27. Rce1 Bc6 28. g4 Bxc3 29. bxc3 Rbxe4 30. Rxe4 Rxe4 31. Rf4 Qb6+ 32. Kf1 Qb1+ 0-1